01048 2200313 4500001002100000005001500021035002000036007000300056008004100059020002200100082001100122084002000133100002200153245008800175300004100263650002200304700002400326520017200350264004200522336002100564337003000585338002300615990001600638990001600654990001600670990001600686990001600702990001600718INLIS00000000116299720230111105821 a0010-0123000165ta230111 g 0 ind  a978-602-51197-3-6 a371.92 aSR 371.92 SUT m0 aSutrisnoepenulis1 aMerawat dan mendidik anak dengan ADHD secara bijak /cSutrisno; editor, Nur Iswarso avi,144 halaman :bilustrasi ;c21 cm 4aPendidikan khusus0 aNur Iswarsoeeditor aADHD adalah ganguan perkembangan dalam bentuk peningkatan aktivitas motorik anak-anak hingga menyebabkan aktivitas anak-anak yang tidak lazim dan cenderung berlebihan. aYogyakarta :bMilenial Readers,c2022 2rdacontentateks 2rdamediaatanpa perantara 2rdacarrieravolume a51456.64276 a51457.64277 a51457.64277 a51456.64276 a51456.64276 a51457.64277